Statistics for Vegetables in the Answer

Click here to take the quiz!

General Stats

  • This quiz has been taken 85 times
    (47 since last reset)
  • The average score is 10 of 19

Answer Stats

ClueAnswer% Correct
Colorful sugar candies often received in Easter basketsJelly {Beans}
97%
You don't want to be holding it when the music stopsHot {Potato}
89%
Michael Keaton started as the title character in this 1988 Tim Burton movie{Beet}lejuice
86%
A form of halitosis that might protect you from vampire attacks?{Garlic} Breath
86%
Popeye says: "I'm strong to the finich 'cause I eats me _______!"{Spinach}
86%
Marine animal with an elongated body and radial symmetrySea {Cucumber}
75%
A racket and ball sport played in a four-walled court{Squash}
75%
American stand-up comedian whose name pops up on an inexplicable number of JetPunk quizzes{Carrot} Top
67%
This irreversible condition which causes the outer ear to swell is usually the result of blunt trauma to the ear, often from martial arts or other full-contact sports{Cauliflower} Ear
67%
In the comic strip Peanuts, Linus waits for
the appearance of this every Halloween night
The Great {Pumpkin}
64%
In Super Mario Bros., Mario can hit a "Question Mark" brick, which then releases this power-up vegetable that allows Mario to double in sizeSuper {Mushroom}
56%
Satirical US Newspaper/WebsiteThe {Onion}
56%
You can't get blood from a...{Turnip}
31%
Hated one-eyed purple villain in the "Kid Icarus" video game series{Eggplant} Wizard
25%
Not plumbers, but ice hockey-playing brothers who represented Italy in the 1936 Winter Olympics. It is unclear if they "squashed" the competitionMario & Luigi {Zucchini}
25%
In baseball, a routine fly ball to an outfielderCan of {Corn}
19%
The cheerleaders at this university in Tennessee provide us with the smirk-inducing "Let's go ___y!" cheer.Austin {Pea}y
11%
In baseball, this common pregame batting and fielding exercise is mostly known by the signs prohibiting it at many ballparks{Pepper}
8%
Known as "The Blues," this football club in England's Northern Premier League hails from an ancient market town in Staffordshire County{Leek} Town Football Club
6%

Score Distribution

Percentile by Number Answered

Percent of People with Each Score

Your Score History

You have not taken this quiz since the last reset